[Event "CAN-op U2000 (Pinnacle 48th CAN Op Ch)"]
[Site "Toronto CAN"]
[Date "2011.07.10"]
[Round "2"]
[White "Ali, Shafkat"]
[Black "Fletcher, David"]
[Result "1/2-1/2"]
[WhiteElo "1823"]
[BlackElo "1449"]
[PlyCount "133"]
[GameId "2160767909707736"]
[EventDate "2011.07.09"]
[EventType "swiss"]
[EventRounds "9"]
[EventCountry "CAN"]
[SourceTitle "EXT 2022"]
[Source "ChessBase"]
[SourceDate "2021.10.06"]
[SourceVersion "1"]
[SourceVersionDate "2021.10.06"]
[SourceQuality "1"]

1. e4 c5 2. Nf3 d6 3. d4 cxd4 4. Nxd4 e5 5. Nb3 Nf6 6. Nc3 Be7 7. Be3 Ng4 8. Bb5+ Nc6 9. Qd2 O-O 10. O-O-O Nxe3 11. fxe3 Be6 12. Nd5 Bg5 13. Kb1 a6 14. Be2 b5 15. g3 Ra7 16. h4 Bh6 17. g4 g6 18. g5 Bg7 19. Rdg1 Rd7 20. h5 Bxd5 21. exd5 Ne7 22. e4 f5 23. hxg6 hxg6 24. exf5 Nxf5 25. Bg4 Kf7 26. Bxf5 gxf5 27. g6+ Ke8 28. Qe2 Qf6 29. Nd4 Rh8 30. Rxh8+ Bxh8 31. Ne6 e4 32. c3 Bg7 33. Nf4 Qh4 34. Qf1 Re7 35. Ne6 Qf6 36. Qf2 Rxe6 37. dxe6 Qxe6 38. Qa7 Kf8 39. Qb8+ Ke7 40. Qa7+ Kf6 41. Rd1 e3 42. Re1 f4 43. Kc1 e2 44. Qf2 Kxg6 45. Rxe2 Qf5 46. Qf3 Bh6 47. Rd2 Qe5 48. Rh2 Qe3+ 49. Qxe3 fxe3 50. Kd1 Bf4 51. Rg2+ Kf5 52. Ke2 Ke4 53. Rg8 d5 54. Ra8 d4 55. cxd4 Kxd4 56. Rxa6 b4 57. a4 bxa3 58. bxa3 Bc7 59. Ra7 Bb6 60. Rh7 Kc5 61. a4 Kc6 62. Rg7 Ba5 63. Rg5 Kb6 64. Rd5 Bc3 65. Kd3 Kc6 66. Re5 Kd6 67. Re4 1/2-1/2

[Event "CAN-op U2000 (Pinnacle 48th CAN Op Ch)"]
[Site "Toronto CAN"]
[Date "2011.07.10"]
[Round "2"]
[White "Allen, Ted"]
[Black "Hunnersen, Mike"]
[Result "0-1"]
[WhiteElo "1564"]
[BlackElo "1711"]
[PlyCount "99"]
[GameId "2160767909707737"]
[EventDate "2011.07.09"]
[EventType "swiss"]
[EventRounds "9"]
[EventCountry "CAN"]
[SourceTitle "EXT 2022"]
[Source "ChessBase"]
[SourceDate "2021.10.06"]
[SourceVersion "1"]
[SourceVersionDate "2021.10.06"]
[SourceQuality "1"]

1. e4 g6 2. d4 Bg7 3. Nf3 c5 4. c3 d5 5. e5 cxd4 6. cxd4 Nc6 7. Bb5 e6 8. O-O Nge7 9. Bg5 Bd7 10. Nbd2 a6 11. Ba4 h6 12. Bf4 Nf5 13. Bxc6 Bxc6 14. Nb3 Ba4 15. Qd2 Bxb3 16. axb3 g5 17. Bg3 Qb6 18. Ra4 Rc8 19. Qb4 Qxb4 20. Rxb4 b5 21. Ra1 Rc6 22. Kf1 Kd7 23. Ne1 Bf8 24. Nd3 Bxb4 25. Nxb4 Rhc8 26. Nxc6 Rxc6 27. f4 Nxd4 28. fxg5 hxg5 29. Bf2 Nxb3 30. Ra3 Nd2+ 31. Ke2 Ne4 32. Bd4 Rc4 33. Ke3 Rc2 34. Kf3 Nd2+ 35. Kg3 Rc4 36. Be3 Nf1+ 37. Kf2 Nxe3 38. Kxe3 Re4+ 39. Kf3 Rxe5 40. Rxa6 d4 41. Ra3 f5 42. Rd3 g4+ 43. Kf2 Rd5 44. h4 e5 45. g3 Kc6 46. b4 Rd7 47. Ke2 Kd5 48. Rd1 Kc4 49. Rb1 d3+ 50. Kf2 0-1

[Event "CAN-op U2000 (Pinnacle 48th CAN Op Ch)"]
[Site "Toronto CAN"]
[Date "2011.07.10"]
[Round "2"]
[White "Armstrong, Robert J"]
[Black "Renteria, Alejandro"]
[Result "1-0"]
[WhiteElo "1740"]
[BlackElo "1465"]
[PlyCount "37"]
[GameId "2160767909707738"]
[EventDate "2011.07.09"]
[EventType "swiss"]
[EventRounds "9"]
[EventCountry "CAN"]
[SourceTitle "EXT 2022"]
[Source "ChessBase"]
[SourceDate "2021.10.06"]
[SourceVersion "1"]
[SourceVersionDate "2021.10.06"]
[SourceQuality "1"]

1. d4 Nf6 2. c4 g6 3. Nc3 Bg7 4. e4 d6 5. f3 Nc6 6. Be3 O-O 7. Nge2 e5 8. d5 Ne7 9. g4 Rb8 10. Ng3 a6 11. h4 b5 12. Qd2 bxc4 13. h5 Bd7 14. O-O-O Bb5 15. Bh6 Qe8 16. hxg6 Bxh6 17. gxh7+ Kh8 18. Qxh6 Ng6 19. Nf5 1-0

[Event "CAN-op U2000 (Pinnacle 48th CAN Op Ch)"]
[Site "Toronto CAN"]
[Date "2011.07.10"]
[Round "2"]
[White "Bergeron, Florian"]
[Black "Yang, Bryant"]
[Result "1/2-1/2"]
[WhiteElo "1728"]
[BlackElo "1618"]
[PlyCount "73"]
[GameId "2160767909707739"]
[EventDate "2011.07.09"]
[EventType "swiss"]
[EventRounds "9"]
[EventCountry "CAN"]
[SourceTitle "EXT 2022"]
[Source "ChessBase"]
[SourceDate "2021.10.06"]
[SourceVersion "1"]
[SourceVersionDate "2021.10.06"]
[SourceQuality "1"]

1. d4 d5 2. c4 dxc4 3. Nf3 Nf6 4. Nc3 e6 5. e3 c5 6. Bxc4 a6 7. a4 b6 8. O-O Bb7 9. Qe2 Nbd7 10. Rd1 Qc7 11. d5 exd5 12. Nxd5 Nxd5 13. Bxd5 Be7 14. e4 O-O 15. g3 Bxd5 16. Rxd5 Nf6 17. Rd1 Qc6 18. Bg5 h6 19. Bxf6 Bxf6 20. Qc2 Rfe8 21. Rd5 Rad8 22. Rad1 Qe6 23. Rxd8 Rxd8 24. Rxd8+ Bxd8 25. Qd3 Bf6 26. b3 a5 27. Kg2 g6 28. Nd2 Kg7 29. f4 Qc6 30. Nf3 h5 31. h4 Kf8 32. Kf2 Bd4+ 33. Nxd4 cxd4 34. Qxd4 Qc2+ 35. Ke1 Qxb3 36. Qd8+ Kg7 37. Qd4+ 1/2-1/2

[Event "CAN-op U2000 (Pinnacle 48th CAN Op Ch)"]
[Site "Toronto CAN"]
[Date "2011.07.10"]
[Round "2"]
[White "Chuchin, Sasha"]
[Black "Haziprodromu, Sam"]
[Result "1-0"]
[WhiteElo "1587"]
[BlackElo "1843"]
[PlyCount "57"]
[GameId "2160767909707740"]
[EventDate "2011.07.09"]
[EventType "swiss"]
[EventRounds "9"]
[EventCountry "CAN"]
[SourceTitle "EXT 2022"]
[Source "ChessBase"]
[SourceDate "2021.10.06"]
[SourceVersion "1"]
[SourceVersionDate "2021.10.06"]
[SourceQuality "1"]

1. e4 e5 2. Nf3 Nc6 3. Bc4 Nf6 4. d3 Be7 5. h3 O-O 6. O-O d5 7. exd5 Nxd5 8. Bxd5 Qxd5 9. Nc3 Qd8 10. Re1 f6 11. Be3 f5 12. d4 e4 13. Ne5 Bd6 14. Bf4 Bb4 15. Nxc6 bxc6 16. f3 exf3 17. Qxf3 Qxd4+ 18. Kh1 Bd6 19. Bxd6 Qxd6 20. Nb5 Qf6 21. Qb3+ Kh8 22. Nxc7 Bb7 23. Nxa8 Bxa8 24. Re6 Qg5 25. Qe3 Qd8 26. Re1 f4 27. Qe5 f3 28. gxf3 c5 29. Re8 1-0

[Event "CAN-op U2000 (Pinnacle 48th CAN Op Ch)"]
[Site "Toronto CAN"]
[Date "2011.07.10"]
[Round "2"]
[White "Del Duca, Giuseppe1"]
[Black "Renteria, Manuela"]
[Result "0-1"]
[WhiteElo "1374"]
[BlackElo "1922"]
[PlyCount "111"]
[GameId "2160767909707741"]
[EventDate "2011.07.09"]
[EventType "swiss"]
[EventRounds "9"]
[EventCountry "CAN"]
[SourceTitle "EXT 2022"]
[Source "ChessBase"]
[SourceDate "2021.10.06"]
[SourceVersion "1"]
[SourceVersionDate "2021.10.06"]
[SourceQuality "1"]

1. e4 c5 2. Nf3 d6 3. Nc3 Nf6 4. d3 Nc6 5. Bd2 Bg4 6. h3 Bxf3 7. Qxf3 Nd4 8. Qd1 Rc8 9. Ne2 Nc6 10. Ng3 e6 11. f4 Qc7 12. c3 Be7 13. Be2 b5 14. b4 O-O 15. O-O Qb6 16. Kh2 cxb4 17. cxb4 Qd4 18. a3 Qb6 19. Nh5 Nxh5 20. Bxh5 Bf6 21. Ra2 g6 22. Bg4 h5 23. Be2 Rc7 24. Qe1 Rfc8 25. f5 Be5+ 26. Kh1 Ne7 27. f6 Nc6 28. Bxh5 gxh5 29. Bh6 Kh7 30. Bg7 Rg8 31. Qh4 Rxg7 32. Qxh5+ Kg8 33. fxg7 Bxg7 34. Qh4 Qe3 35. Raf2 Rd7 36. Qg4 Ne5 37. Qh5 Qh6 38. Qd1 Qg5 39. Qc2 Kh7 40. Rg1 Qg3 41. Qe2 Qxd3 42. Qh5+ Kg8 43. Rf4 Qg3 44. Rgf1 Ng6 45. R4f3 Qe5 46. Qg4 Rc7 47. h4 Rc4 48. Re1 d5 49. h5 Rxe4 50. Rxe4 Qxe4 51. Qg3 Qb1+ 52. Kh2 Be5 53. Kh3 Bxg3 54. Rxg3 Qf5+ 55. Kh2 Qxh5+ 56. Rh3 0-1

[Event "CAN-op U2000 (Pinnacle 48th CAN Op Ch)"]
[Site "Toronto CAN"]
[Date "2011.07.10"]
[Round "2"]
[White "Leblanc, Paul"]
[Black "Coren, Daniel"]
[Result "1/2-1/2"]
[WhiteElo "1924"]
[BlackElo "1738"]
[PlyCount "90"]
[GameId "2160767909707742"]
[EventDate "2011.07.09"]
[EventType "swiss"]
[EventRounds "9"]
[EventCountry "CAN"]
[SourceTitle "EXT 2022"]
[Source "ChessBase"]
[SourceDate "2021.10.06"]
[SourceVersion "1"]
[SourceVersionDate "2021.10.06"]
[SourceQuality "1"]

1. d4 Nf6 2. c4 g6 3. g3 Bg7 4. Bg2 c6 5. Nf3 d5 6. O-O O-O 7. Nc3 dxc4 8. Ne5 Be6 9. e4 Nfd7 10. f4 Nxe5 11. fxe5 Na6 12. a3 b5 13. Be3 Qc8 14. Rf2 Nc7 15. Qd2 Rd8 16. Bf4 f6 17. exf6 exf6 18. Qe3 Re8 19. Bh6 Qd7 20. Bxg7 Kxg7 21. Raf1 f5 22. e5 Nd5 23. Bxd5 Bxd5 24. Qg5 Rf8 25. Ne2 h6 26. Qe3 Rae8 27. Nf4 Be4 28. Qc3 Kh7 29. Rd2 g5 30. Nh5 Qe6 31. Nf6+ Rxf6 32. exf6 Qxf6 33. Re1 Rg8 34. Qe3 Re8 35. d5 cxd5 36. Rxd5 Qxb2 37. Rd7+ Kg6 38. Rd6+ Kf7 39. Rd2 Qe5 40. Qxa7+ Re7 41. Qa6 c3 42. Rd6 Qc5+ 43. Kf1 Qc4+ 44. Kg1 Qc5+ 45. Kf1 Qc4+ 1/2-1/2

[Event "CAN-op U2000 (Pinnacle 48th CAN Op Ch)"]
[Site "Toronto CAN"]
[Date "2011.07.10"]
[Round "2"]
[White "Moran-Venegas, Mario"]
[Black "Sametova, Zhanna"]
[Result "1-0"]
[WhiteElo "1864"]
[BlackElo "1647"]
[PlyCount "68"]
[GameId "2160767909707743"]
[EventDate "2011.07.09"]
[EventType "swiss"]
[EventRounds "9"]
[EventCountry "CAN"]
[SourceTitle "EXT 2022"]
[Source "ChessBase"]
[SourceDate "2021.10.06"]
[SourceVersion "1"]
[SourceVersionDate "2021.10.06"]
[SourceQuality "1"]

1. e4 c5 2. Nf3 Nc6 3. d4 cxd4 4. Nxd4 g6 5. Be3 Bg7 6. Be2 d6 7. O-O Nf6 8. Nc3 O-O 9. Qd2 Bd7 10. f4 Nxd4 11. Bxd4 Bc6 12. Bf3 e5 13. Be3 Qc7 14. Kh1 Rfd8 15. fxe5 dxe5 16. Qf2 b6 17. g4 Qb7 18. Qg2 Ne8 19. Rad1 Nc7 20. Be2 b5 21. Bd3 Ne6 22. h4 Rd7 23. g5 Rad8 24. Rd2 a6 25. Nd1 Bh8 26. Nf2 Bg7 27. Ng4 Nd4 28. Nf6+ Bxf6 29. gxf6 Ne6 30. h5 Rc7 31. Qg4 Rcd7 32. hxg6 hxg6 33. Rh2 g5 34. Bxg5 Rxd3 1-0

[Event "CAN-op U2000 (Pinnacle 48th CAN Op Ch)"]
[Site "Toronto CAN"]
[Date "2011.07.10"]
[Round "2"]
[White "O'Bumsawin, Nicholas"]
[Black "Kurkowski, Ken"]
[Result "1-0"]
[WhiteElo "1831"]
[BlackElo "1516"]
[PlyCount "47"]
[GameId "2160767909707745"]
[EventDate "2011.07.09"]
[EventType "swiss"]
[EventRounds "9"]
[EventCountry "CAN"]
[SourceTitle "EXT 2022"]
[Source "ChessBase"]
[SourceDate "2021.10.06"]
[SourceVersion "1"]
[SourceVersionDate "2021.10.06"]
[SourceQuality "1"]

1. e4 e6 2. d4 d5 3. Nd2 Nf6 4. e5 Nfd7 5. Bd3 c5 6. c3 Nc6 7. Ne2 Qb6 8. Nf3 Be7 9. O-O O-O 10. Nf4 cxd4 11. cxd4 Nb4 12. Bb1 f6 13. exf6 Nxf6 14. Re1 Bd7 15. Ng5 Rae8 16. Qh5 g6 17. Qh6 Bd6 18. Nxh7 Bxf4 19. Qxg6+ Kh8 20. Nxf6 Re7 21. Bxf4 Rxf6 22. Qxf6+ Rg7 23. Qf8+ Rg8 24. Be5# 1-0

[Event "CAN-op U2000 (Pinnacle 48th CAN Op Ch)"]
[Site "Toronto CAN"]
[Date "2011.07.10"]
[Round "2"]
[White "Palmer, Jordan"]
[Black "O'Sullivan, Patrick"]
[Result "1/2-1/2"]
[WhiteElo "1947"]
[BlackElo "1758"]
[PlyCount "39"]
[GameId "2160767909707746"]
[EventDate "2011.07.09"]
[EventType "swiss"]
[EventRounds "9"]
[EventCountry "CAN"]
[SourceTitle "EXT 2022"]
[Source "ChessBase"]
[SourceDate "2021.10.06"]
[SourceVersion "1"]
[SourceVersionDate "2021.10.06"]
[SourceQuality "1"]

1. e4 c6 2. d4 d5 3. Nc3 dxe4 4. Nxe4 Bf5 5. Ng3 Bg6 6. Nf3 Nd7 7. Bd3 Bxd3 8. Qxd3 Qc7 9. O-O e6 10. Re1 Ngf6 11. c4 O-O-O 12. Be3 Bd6 13. Qc2 Bf4 14. Rad1 h6 15. Qa4 Kb8 16. b4 g5 17. b5 cxb5 18. Qxb5 Bxe3 19. fxe3 g4 20. Nd2 1/2-1/2

[Event "CAN-op U2000 (Pinnacle 48th CAN Op Ch)"]
[Site "Toronto CAN"]
[Date "2011.07.10"]
[Round "2"]
[White "Philip, Andrew"]
[Black "Strugach, Alexander"]
[Result "0-1"]
[WhiteElo "1596"]
[BlackElo "1963"]
[PlyCount "110"]
[GameId "2160767909707747"]
[EventDate "2011.07.09"]
[EventType "swiss"]
[EventRounds "9"]
[EventCountry "CAN"]

1. d4 d5 2. Bg5 Nf6 3. Bxf6 exf6 4. e3 Bd6 5. g3 O-O 6. Bg2 c6 7. Nd2 Bf5 8. Ne2 Na6 9. a3 Re8 10. O-O Qd7 11. c4 dxc4 12. Nxc4 Bc7 13. Nc3 Bh3 14. Bxh3 Qxh3 15. Qf3 Rad8 16. Rfd1 Bb8 17. Rac1 Re7 18. b4 Nc7 19. Na5 Nd5 20. Nb3 Nxc3 21. Rxc3 Rde8 22. Nd2 f5 23. Qg2 Qxg2+ 24. Kxg2 h6 25. Rc5 g6 26. Nc4 Rd7 27. Rc1 Kg7 28. a4 Re6 29. a5 Bc7 30. Nb2 Bd6 31. R5c4 g5 32. Nd3 Re4 33. Nc5 Bxc5 34. dxc5 Rd2 35. Rxe4 fxe4 36. Rc4 f5 37. Kf1 Kf6 38. Ke1 Rb2 39. Rd4 Ke5 40. Kf1 f4 41. gxf4+ gxf4 42. Rd6 f3 43. Ke1 Rb1+ 44. Kd2 Rf1 45. a6 Rxf2+ 46. Ke1 Re2+ 47. Kf1 bxa6 48. Rxc6 Rxe3 49. Rxa6 Rb3 50. Rxa7 e3 51. Ra1 Rxb4 52. Rc1 Rg4 53. Rc3 e2+ 54. Kf2 Rg2+ 55. Kxf3 e1=Q 0-1

[Event "CAN-op U2000 (Pinnacle 48th CAN Op Ch)"]
[Site "Toronto CAN"]
[Date "2011.07.10"]
[Round "2"]
[White "Poirier, David"]
[Black "Liu, Jiaxin (Dora)"]
[Result "1-0"]
[WhiteElo "1906"]
[BlackElo "1398"]
[PlyCount "237"]
[GameId "2160767909707748"]
[EventDate "2011.07.09"]
[EventType "swiss"]
[EventRounds "9"]
[EventCountry "CAN"]

1. d4 Nf6 2. Nf3 g6 3. Bf4 Bg7 4. e3 O-O 5. h3 d6 6. Be2 Nbd7 7. O-O c5 8. c3 b6 9. Nbd2 Bb7 10. a4 Rc8 11. Qb3 Bd5 12. Bc4 Bxc4 13. Nxc4 Qc7 14. Ncd2 Kh8 15. Ng5 c4 16. Qc2 e5 17. Bh2 Qc6 18. Nde4 Nxe4 19. Nxe4 d5 20. Nd2 e4 21. f4 f5 22. Qd1 Nf6 23. Bg3 Nd7 24. Bh4 Rfe8 25. g4 Rg8 26. Kf2 Qe6 27. Rg1 Bh6 28. g5 Bg7 29. Bg3 Qc6 30. h4 Bf8 31. h5 gxh5 32. Qxh5 Qg6 33. Rh1 Be7 34. Rh3 Qxh5 35. Rxh5 Kg7 36. Rah1 Rh8 37. Rh6 Nf8 38. Ke2 Ng6 39. Bf2 Rc7 40. Nf1 Rcc8 41. Ng3 Rcf8 42. Kd2 Rf7 43. Kc2 Kg8 44. b4 Bf8 45. R6h2 Be7 46. Rh5 Kf8 47. Rh6 Kg8 48. R6h5 Kf8 49. Be1 Kg8 50. Bd2 Kf8 51. Kb2 Kg8 52. Ka2 Kf8 53. Bc1 a6 54. Ba3 b5 55. axb5 axb5 56. Kb2 Kg8 57. Kc2 Bf8 58. Bc1 Be7 59. Bd2 Kg7 60. Ra1 Bf8 61. Ra5 Kg8 62. Rxb5 Ne7 63. Rb7 Kg7 64. Rh6 Kg8 65. Ra6 Kg7 66. Nh5+ Kg8 67. Nf6+ Kg7 68. Ne8+ Kg8 69. Nd6 Rg7 70. Ne8 Rg6 71. Rxg6+ hxg6 72. Nf6+ Kf7 73. Nxd5 Ke6 74. Nxe7 Bxe7 75. Rc7 Bd6 76. Rg7 Kd5 77. Rxg6 Rh2 78. Rf6 Rg2 79. Rxf5+ Ke6 80. Rf6+ Ke7 81. Kd1 Rg1+ 82. Ke2 Rg2+ 83. Ke1 Rh2 84. Rh6 Rxh6 85. gxh6 Kf6 86. Kf2 Kg6 87. h7 Kxh7 88. Kg3 Kg7 89. Kg4 Kg6 90. Be1 Be7 91. f5+ Kf7 92. Kf4 Bd6+ 93. Kxe4 Bh2 94. Kd5 Kf6 95. e4 Bc7 96. Bh4+ Kf7 97. Kxc4 Bb8 98. Kd5 Ke8 99. c4 Kd7 100. e5 Ke8 101. c5 Bc7 102. b5 Kd7 103. b6 Bb8 104. c6+ Kc8 105. c7 Bxc7 106. bxc7 Kxc7 107. Ke6 Kc8 108. d5 Kc7 109. d6+ Kc6 110. d7 Kc5 111. d8=Q Kc4 112. Qd5+ Kc3 113. Kd6 Kb2 114. Qc4 Ka3 115. Qb5 Ka2 116. Kc5 Ka3 117. Kc4 Ka2 118. Kc3 Ka3 119. Qb3# 1-0

[Event "CAN-op U2000 (Pinnacle 48th CAN Op Ch)"]
[Site "Toronto CAN"]
[Date "2011.07.10"]
[Round "2"]
[White "Siddeley, Hugh"]
[Black "Yu, Patrick"]
[Result "1-0"]
[WhiteElo "1996"]
[BlackElo "1796"]
[PlyCount "47"]
[GameId "2160767909707749"]
[EventDate "2011.07.09"]
[EventType "swiss"]
[EventRounds "9"]
[EventCountry "CAN"]
[SourceTitle "EXT 2022"]
[Source "ChessBase"]
[SourceDate "2021.10.06"]
[SourceVersion "1"]
[SourceVersionDate "2021.10.06"]
[SourceQuality "1"]

1. e4 c5 2. Nf3 d6 3. Bb5+ Bd7 4. Bxd7+ Nxd7 5. O-O Ngf6 6. Qe2 e6 7. b3 Be7 8. d4 cxd4 9. Nxd4 a6 10. c4 O-O 11. Nc3 Rc8 12. Bb2 Qb6 13. Rad1 Ne5 14. Kh1 Nc6 15. Nc2 Rfd8 16. Ne3 Nb8 17. f4 Nbd7 18. Rf3 Nc5 19. Rg3 Bf8 20. Na4 Nxa4 21. Bxf6 Nc5 22. Bxg7 Nxe4 23. Bd4+ Nxg3+ 24. hxg3 1-0

[Event "CAN-op U2000 (Pinnacle 48th CAN Op Ch)"]
[Site "Toronto CAN"]
[Date "2011.07.10"]
[Round "2"]
[White "Sly, Douglas"]
[Black "Nasir, Zehn"]
[Result "0-1"]
[WhiteElo "1545"]
[BlackElo "1686"]
[PlyCount "97"]
[GameId "2160767909707750"]
[EventDate "2011.07.09"]
[EventType "swiss"]
[EventRounds "9"]
[EventCountry "CAN"]
[SourceTitle "EXT 2022"]
[Source "ChessBase"]
[SourceDate "2021.10.06"]
[SourceVersion "1"]
[SourceVersionDate "2021.10.06"]
[SourceQuality "1"]

1. d4 Nf6 2. Nf3 d5 3. Bf4 Bf5 4. e3 e6 5. Bd3 Bxd3 6. cxd3 c6 7. Qb3 Qb6 8. Nbd2 Nbd7 9. O-O Be7 10. Rfe1 O-O 11. e4 g6 12. Rac1 Rac8 13. h3 Rfe8 14. g4 Rf8 15. Bh6 Rfd8 16. Bg5 Kh8 17. Ne5 Nxe5 18. dxe5 Ng8 19. Qxb6 axb6 20. Be3 d4 21. Bf4 b5 22. Rc2 Rc7 23. Nb3 c5 24. Rec1 b6 25. Bg3 Ra7 26. a3 Rad7 27. f4 Rc8 28. Nd2 Nh6 29. Bf2 Bd8 30. Nf1 Rdc7 31. Bxd4 cxd4 32. Rxc7 Rxc7 33. Rxc7 Bxc7 34. Nd2 f6 35. Nf3 Nf7 36. Nxd4 fxe5 37. Nxb5 Bb8 38. f5 exf5 39. exf5 gxf5 40. gxf5 Nd6 41. Nxd6 Bxd6 42. Kf2 Kg7 43. Ke3 Kf6 44. Ke4 Bc5 45. b4 Bd4 46. a4 Bc3 47. b5 Bd4 48. Kd5 Kxf5 49. Kc4 0-1

[Event "CAN-op U2000 (Pinnacle 48th CAN Op Ch)"]
[Site "Toronto CAN"]
[Date "2011.07.10"]
[Round "2"]
[White "Solis, Jaime"]
[Black "Tonakanian, Stephan"]
[Result "0-1"]
[WhiteElo "1717"]
[BlackElo "1974"]
[PlyCount "116"]
[GameId "2160767909707751"]
[EventDate "2011.07.09"]
[EventType "swiss"]
[EventRounds "9"]
[EventCountry "CAN"]
[SourceTitle "EXT 2022"]
[Source "ChessBase"]
[SourceDate "2021.10.06"]
[SourceVersion "1"]
[SourceVersionDate "2021.10.06"]
[SourceQuality "1"]

1. e4 e6 2. d4 d5 3. Nd2 Nf6 4. e5 Ne4 5. Ngf3 c5 6. c3 Nc6 7. Bb5 Bd7 8. Bxc6 Bxc6 9. O-O Qc7 10. Re1 Be7 11. Nf1 h6 12. N3d2 O-O-O 13. f3 Ng5 14. Qe2 Nh7 15. Nb3 c4 16. Nbd2 g5 17. Kh1 Nf8 18. b3 Ng6 19. g3 h5 20. Nb1 Rdg8 21. Ba3 g4 22. f4 h4 23. Kg1 Bxa3 24. Nxa3 Ne7 25. Nc2 Nf5 26. Nce3 hxg3 27. hxg3 Rh3 28. Nxf5 exf5 29. Qe3 Rgh8 30. Re2 Rh1+ 31. Kf2 Bd7 32. Rd1 R8h6 33. Ke1 Kb8 34. Rg2 cxb3 35. axb3 Qa5 36. Qd2 Qb5 37. Kf2 Qxb3 38. Ne3 a6 39. Qc2 Qa3 40. Rxh1 Rxh1 41. Rg1 Rh2+ 42. Rg2 Rh6 43. Rg1 Ba4 44. Qd2 Rb6 45. Rc1 Rb2 46. Nc2 Qa2 47. Ke3 Bxc2 48. Rh1 Be4 49. Rh8+ Ka7 50. Qe1 Qc4 51. Qd2 Rxd2 52. Kxd2 Qd3+ 53. Ke1 Bf3 54. Rh2 Qb1+ 55. Kf2 Qc2+ 56. Kg1 Qd1+ 57. Kf2 Qe2+ 58. Kg1 Qe1# 0-1

[Event "CAN-op U2000 (Pinnacle 48th CAN Op Ch)"]
[Site "Toronto CAN"]
[Date "2011.07.10"]
[Round "2"]
[White "Tahiliani, Manoj"]
[Black "Garel, Rick"]
[Result "1-0"]
[WhiteElo "1511"]
[BlackElo "1942"]
[PlyCount "55"]
[GameId "2160767909707752"]
[EventDate "2011.07.09"]
[EventType "swiss"]
[EventRounds "9"]
[EventCountry "CAN"]
[SourceTitle "EXT 2022"]
[Source "ChessBase"]
[SourceDate "2021.10.06"]
[SourceVersion "1"]
[SourceVersionDate "2021.10.06"]
[SourceQuality "1"]

1. e4 e6 2. f4 d5 3. e5 c5 4. Nf3 Nc6 5. c3 c4 6. b3 Na5 7. d4 cxd3 8. Bxd3 Bd7 9. Be3 Qc7 10. O-O Nh6 11. Qc2 Ng4 12. Bd4 Bc5 13. Bxc5 Qxc5+ 14. Kh1 Qb6 15. Qe2 Nc6 16. Nbd2 Qa5 17. b4 Qb6 18. a3 h5 19. b5 Na5 20. c4 dxc4 21. Bxc4 Ne3 22. Rfc1 Nexc4 23. Nxc4 Nxc4 24. Qxc4 Rc8 25. Qxc8+ Bxc8 26. Rxc8+ Ke7 27. Rxh8 Qxb5 28. Rc1 1-0

[Event "CAN-op U2000 (Pinnacle 48th CAN Op Ch)"]
[Site "Toronto CAN"]
[Date "2011.07.10"]
[Round "2"]
[White "Triefeldt, Jack"]
[Black "Thanabalachandran, Kajan"]
[Result "1-0"]
[WhiteElo "1714"]
[BlackElo "1600"]
[PlyCount "114"]
[GameId "2160767909707753"]
[EventDate "2011.07.09"]
[EventType "swiss"]
[EventRounds "9"]
[EventCountry "CAN"]
[SourceTitle "EXT 2022"]
[Source "ChessBase"]
[SourceDate "2021.10.06"]
[SourceVersion "1"]
[SourceVersionDate "2021.10.06"]
[SourceQuality "1"]

1. f4 d5 2. Nf3 Nf6 3. e3 e6 4. b3 a6 5. Bb2 Nc6 6. Be2 Be7 7. Ne5 Nxe5 8. fxe5 Nd7 9. O-O O-O 10. d4 f6 11. Bg4 Nb6 12. Nd2 fxe5 13. Rxf8+ Qxf8 14. dxe5 Bg5 15. Qe2 Qc5 16. Nf1 Bd7 17. Bd4 Qc6 18. Ng3 Re8 19. Rf1 Rf8 20. Rxf8+ Kxf8 21. Qf2+ Ke7 22. Nh5 Bh6 23. c3 Bc8 24. Qh4+ Kf8 25. Qd8+ Kf7 26. Qh8 Qe8 27. Qxh7 Nd7 28. Nxg7 Nf8 29. Qxh6 Qe7 30. Qf6+ Qxf6 31. exf6 Nh7 32. Bh5+ Kg8 33. h4 b6 34. g4 Nf8 35. g5 c5 36. Be5 b5 37. g6 Nd7 38. f7+ Kf8 39. Nxe6+ Ke7 40. f8=Q+ Nxf8 41. Nxf8 Kxf8 42. Bf3 Bf5 43. h5 d4 44. exd4 cxd4 45. Bxd4 Kg8 46. Bd5+ Kf8 47. g7+ Ke7 48. g8=Q Kd6 49. Bf3 Be6 50. Qd8+ Bd7 51. Bg4 Kd5 52. Qxd7+ Ke4 53. Qe6+ Kd3 54. Qe3+ Kc2 55. Bf5+ Kb2 56. Qd2+ Ka3 57. Bc5+ b4 1-0

[Event "CAN-op U2000 (Pinnacle 48th CAN Op Ch)"]
[Site "Toronto CAN"]
[Date "2011.07.10"]
[Round "2"]
[White "White, Chris"]
[Black "Song, Eric"]
[Result "1/2-1/2"]
[WhiteElo "1735"]
[BlackElo "1488"]
[PlyCount "122"]
[GameId "2160767909707754"]
[EventDate "2011.07.09"]
[EventType "swiss"]
[EventRounds "9"]
[EventCountry "CAN"]
[SourceTitle "EXT 2022"]
[Source "ChessBase"]
[SourceDate "2021.10.06"]
[SourceVersion "1"]
[SourceVersionDate "2021.10.06"]
[SourceQuality "1"]

1. d4 d5 2. c4 e6 3. Nc3 Nf6 4. Bg5 Be7 5. e3 h6 6. Bh4 Nc6 7. Nf3 O-O 8. a3 Nh7 9. Bg3 Re8 10. Nb5 Bd6 11. Nxd6 cxd6 12. cxd5 exd5 13. Be2 Nf6 14. O-O Be6 15. Rc1 Ne4 16. Bb5 Nxg3 17. hxg3 Rc8 18. Qa4 Bd7 19. Qb3 Be6 20. Rc3 a6 21. Bd3 Qd7 22. Rfc1 Na5 23. Qa2 Nc4 24. b3 Nb6 25. Rxc8 Rxc8 26. Rxc8+ Qxc8 27. Qd2 Nd7 28. Nh4 Nf6 29. Qc2 Qd7 30. Bf5 Bxf5 31. Qxf5 Qc7 32. Qb1 Ne4 33. Nf5 Qd7 34. Nh4 Qb5 35. Qc2 Qd7 36. Nf3 Nf6 37. Nd2 g6 38. b4 Kg7 39. f3 Qb5 40. Nb1 Qe8 41. Kf2 Qd7 42. Qb3 g5 43. Nc3 Qc6 44. a4 g4 45. b5 axb5 46. axb5 Qc8 47. Nxd5 gxf3 48. Nxf6 Kxf6 49. gxf3 Qh3 50. e4 Qh2+ 51. Ke3 Qxg3 52. Qd5 Qe1+ 53. Kd3 Qd1+ 54. Kc4 Qc2+ 55. Kb4 Qd2+ 56. Ka4 Qc2+ 57. Ka5 Qc7+ 58. Kb4 Qd7 59. Qh5 Kg7 60. Qg4+ Qxg4 61. fxg4 b6 1/2-1/2

[Event "CAN-op U2000 (Pinnacle 48th CAN Op Ch)"]
[Site "Toronto CAN"]
[Date "2011.07.10"]
[Round "2"]
[White "Yu, Jonathan"]
[Black "Jubenville, Mark"]
[Result "1-0"]
[WhiteElo "1971"]
[BlackElo "1790"]
[PlyCount "103"]
[GameId "2160767909707755"]
[EventDate "2011.07.09"]
[EventType "swiss"]
[EventRounds "9"]
[EventCountry "CAN"]
[SourceTitle "EXT 2022"]
[Source "ChessBase"]
[SourceDate "2021.10.06"]
[SourceVersion "1"]
[SourceVersionDate "2021.10.06"]
[SourceQuality "1"]

1. e4 c5 2. Nf3 Nc6 3. Bb5 d6 4. O-O Bd7 5. Re1 e6 6. c3 Ne5 7. Bf1 Nf6 8. d4 cxd4 9. cxd4 Nxf3+ 10. Qxf3 Be7 11. Nc3 O-O 12. Be3 e5 13. h3 a6 14. a4 Rc8 15. Rad1 Qa5 16. g4 exd4 17. Rxd4 Be6 18. Bf4 Qb6 19. Rd2 Nd7 20. Qg3 Rc6 21. Nd5 Qd8 22. Nxe7+ Qxe7 23. Bxd6 Qg5 24. f4 Qa5 25. Red1 Rfc8 26. Ba3 Qxa4 27. Rxd7 Bxd7 28. Rxd7 Rc1 29. Qd3 h6 30. Rd8+ Rxd8 31. Qxd8+ Kh7 32. Qd2 Rd1 33. Qe3 Qc4 34. Qf3 Qd4+ 35. Kh2 Rd2+ 36. Bg2 Rf2 37. Qg3 Rc2 38. e5 Rc1 39. Qf3 Qg1+ 40. Kg3 Qe1+ 41. Qf2 Qd1 42. Be4+ g6 43. Bb4 Qb3+ 44. Bc3 b5 45. Qe3 Rd1 46. f5 b4 47. fxg6+ Kg8 48. Bd4 Qc4 49. gxf7+ Qxf7 50. Bf3 Ra1 51. Qxh6 Ra5 52. Qg5+ 1-0